| 000 | 01105cam a22003377a 4500 | ||
|---|---|---|---|
| 003 | CHAP | ||
| 005 | 20220329134403.0 | ||
| 008 | 971013s1972 uk r 00010 eng d | ||
| 010 | _a19770 | ||
| 011 | _a20742 | ||
| 035 | _a24830 | ||
| 040 | _cCHAP | ||
| 082 | 0 | 4 |
_a519.535016 _bA5 |
| 100 | 0 | 0 |
_aAnderson, Theodore W. _95614 |
| 245 | 1 | 2 | _aA bibliography of multivariate statistical analysis |
| 260 |
_aEdinburgh : _bOliver and Boyd, _c1972 |
||
| 300 | _a642 p | ||
| 590 |
_aBATCH-UPD _b10 _c20130110 _lUCH01 _h0118 |
||
| 590 |
_aBATCH-UPD _b10 _c20130110 _lUCH01 _h2002 |
||
| 590 |
_aBATCH-UPD _b10 _c20130409 _lUCH01 _h2110 |
||
| 590 |
_aBATCH-UPD _b10 _c20130410 _lUCH01 _h1322 |
||
| 590 |
_aBATCH-UPD _b10 _c20130914 _lUCH01 _h0346 |
||
| 590 |
_aCONVERSION _b10 _c20130109 _lUCH01 _h1312 |
||
| 650 | 1 | 4 |
_aAnálisis de varianza _xBibliografia. _95978 |
| 650 | 1 | 4 |
_aAnálisis estadístico _xBibliografía. _95985 |
| 700 | 0 |
_aDas Gupta, Somesh. _931107 |
|
| 700 | 0 |
_aStyan, George P. H. _9110118 |
|
| 901 | _aBK | ||
| 942 | _cLIBRO | ||
| 949 |
_a519.535016 A5 _bBC _cC _d33724000492666 _eC _h31191 _i24830 _si _t450.00 |
||
| 999 |
_c19770 _d19770 |
||